LEADER 01345nam a2200277 4500 001 000000361515 003 CaOOAMICUS 005 20250203114800.0 008 250131s2012 it a 000 u ita r 040 $aSeMil$bita 100 1 $aVirgilio, Giovanna.$0(OLS)http://semarc/name/20051 245 13$aIl Sentiero del viandante :$barte, storia e cultura tra lago e montagna /$cGiovanna Virgilio ; foto di Giuseppe Giudici. 264 1$aLecco :$bCooperativa Artigiana di Garanzia ;$aLecco :$bTipografia Commerciale,$c2012. 300 $a255 p. :$bill. ;$c29 cm 541 0 $aOmaggio mons. Mario Delpini (3P V 609) 650 4$aLecco - Storia.$0(OLS)http://semarc/subject/7372 650 4$aLecco - Arte.$0(OLS)http://semarc/subject/57057 700 1 $aGiudici, Giuseppe.$0(OLS)http://semarc/name/19965 850 $aSeMil 852 $aSeMil$W1$xVenegono$y1$m3P V 609$j254233$B252477$CSeMilBibl$Z2$F252477 $81 941 1 $a7 961 $aOmaggio mons. Mario Delpini 996 $6245$aIl Sentiero del viandante :$barte, storia e cultura tra lago e montagna$9(OLS)http://semarc/title/452255 996 $6264$aLecco :$bCooperativa Artigiana di Garanzia$9(OLS)http://semarc/publisher/62213 996 $6264$aLecco :$bTipografia Commerciale$9(OLS)http://semarc/publisher/62214 LEADER 01319nam a2200301 i 4500 001 000000121407 003 CaOOAMICUS 005 20031218000000.0 008 031218s1996 it u000 u mul u 013 $a94102 020 $a88-18-70140-1 040 $aSeMil$bita 100 0 $aBonaventura : da Bagnorea,$c.$0(OLS)http://semarc/name/89172 245 10$aItinerario dell'anima a Dio /$cBonaventura da Bagnoregio ; introduzione, traduzione, note e apparati di Letterio Mauro. 260 $aMilano :$bRusconi Libri,$c1996. 300 $a190 p. ;$c21 cm. 490 0 $aTesti a fronte ;$v29 500 $aContiene : Bibliografia. - Testo latino a fronte. - Fondo Card. C.M. Martini. 650 4$aMounier, Emmanuel <1905-1950>.$0(OLS)http://semarc/subject/8502 700 1 $aMauro, Letterio,$d<1948- >.$0(OLS)http://semarc/name/19780 830 0$aTesti a fronte ;$v29.$0(OLS)http://semarc/title/593 850 $aSeMil 852 $aSeMil$W1$xVenegono$y1$m2P I 59$j76487$B76487$CSeMilBibl$Z2$F77912 $81 941 1 $a4 961 $aOmaggio: Martini Card. Carlo Maria 996 $6020$a88-18-70140-1$9(OLS)http://semarc/number/106826 996 $6245$aItinerario dell'anima a Dio$9(OLS)http://semarc/title/178721 996 $6260$aMilano :$bRusconi Libri$9(OLS)http://semarc/publisher/29846